Stupendous sports stadiums / by Michael Sandler.
Describes the most stupendous sports stadiums in the world and compares their various features.
Record details
- ISBN: 9781617723025
- ISBN: 1617723029
- Physical Description: 24 pages : color illustrations ; 27 cm.
- Publisher: New York : Bearport Pub., ©2012.
Content descriptions
| Bibliography, etc. Note: | Includes bibliographical references (page 24) and index. |
| Formatted Contents Note: | Stupendous sports stadiums -- Cowboys Stadium -- Beijing National Stadium -- ANZ Stadium -- Marina Bay Floating Stadium -- Allianz Arena -- World Games Stadium -- University of Phoenix Stadium -- Rungrado May Day Stadium -- More stupendous sports stadiums. |
| Awards Note: | A Junior Library Guild Selection. |
Search for related items by subject
| Subject: | Stadiums > Juvenile literature. |
Search for related items by series
| LDR | 01564cam a2200361 a 4500 | ||
|---|---|---|---|
| 001 | 151284 | ||
| 003 | CONS | ||
| 005 | 20190611063557.0 | ||
| 008 | 110211s2012 nyua c b 001 0 eng | ||
| 010 | . | ‡a 2011006637 | |
| 020 | . | ‡a9781617723025 ‡q(hardcover) | |
| 020 | . | ‡a1617723029 ‡q(hardcover) | |
| 035 | . | ‡a(CPomAG)LMN612607 | |
| 050 | 0 | 0. | ‡aNA6860 ‡b.S26 2012 |
| 082 | 0 | 0. | ‡a725/.827 ‡222 |
| 100 | 1 | . | ‡aSandler, Michael, ‡d1965- |
| 245 | 1 | 0. | ‡aStupendous sports stadiums / ‡cby Michael Sandler. |
| 246 | 3 | 0. | ‡aSports stadiums |
| 260 | . | ‡aNew York : ‡bBearport Pub., ‡c©2012. | |
| 300 | . | ‡a24 pages : ‡bcolor illustrations ; ‡c27 cm. | |
| 336 | . | ‡atext ‡btxt ‡2rdacontent | |
| 337 | . | ‡aunmediated ‡bn ‡2rdamedia | |
| 338 | . | ‡avolume ‡bnc ‡2rdacarrier | |
| 490 | 1 | . | ‡aSo big compared to what? |
| 504 | . | ‡aIncludes bibliographical references (page 24) and index. | |
| 505 | 0 | . | ‡aStupendous sports stadiums -- Cowboys Stadium -- Beijing National Stadium -- ANZ Stadium -- Marina Bay Floating Stadium -- Allianz Arena -- World Games Stadium -- University of Phoenix Stadium -- Rungrado May Day Stadium -- More stupendous sports stadiums. |
| 520 | . | ‡aDescribes the most stupendous sports stadiums in the world and compares their various features. | |
| 586 | 8 | . | ‡aA Junior Library Guild Selection. |
| 650 | 0. | ‡aStadiums ‡vJuvenile literature. | |
| 830 | 0. | ‡aSo big compared to what. | |
| 914 | . | ‡aSCP_LP | |
| 959 | . | ‡i32269001116907 ‡lJ 725.8 ‡aJuvenile - NonFiction ‡tJuv Nonfiction ‡g25.00 | |
| 852 | . | ‡p32269001116907 ‡jJ 725.8 ‡gJuvenile - NonFiction ‡cJuv Nonfiction ‡y25.00 ‡bSBPL | |
| 901 | . | ‡a151284 ‡bUnknown ‡c151284 ‡tbiblio | |